Research: How to plan, speak and write about it (Record no. 38988)

MARC details
000 -LEADER
fixed length control field 00328nam a2200121Ia 4500
082 ## - DEWEY DECIMAL CLASSIFICATION NUMBER
Classification number 001.5
Item number HAW
245 #0 - TITLE STATEMENT
Title Research: How to plan, speak and write about it
260 ## - PUBLICATION, DISTRIBUTION, ETC. (IMPRINT)
Place of publication Berlin
Name of publisher Springer Verlag
Year of publication 1985
700 ## - ADDED ENTRY--PERSONAL NAME
Personal name Hawkins, Clifford
700 ## - ADDED ENTRY--PERSONAL NAME
Personal name Sorgi, Marco
942 ## - ADDED ENTRY ELEMENTS (KOHA)
Koha item type Books
Holdings
Withdrawn status Lost status Damaged status Not for loan Home library Current library Date acquired Full call number Accession Number Koha item type
        RRII Library RRII Library 16/12/2021 001.5 HAW 19336 Books